BIBLIOTHÈQUE DE LA MAISON DU MEXIQUE

Logo 1 Logo 2

Civilización en el norte de México (notice nᵒ 36)

détails MARC
000 -Sello discográfico
campo de control de longitud fija 00988nam a2200301 4500
005 - Identificación de versión
campo de control 20251113154249.0
010 ## - Número Estándar Internacional de Libros (ISBN)
Número (ISBN) 968-361-092-7
035 ## - Otros números de control del sistema
Número de control del sistema 18363
099 ## - fechas locales
Tipo de ítem Koha LIBRO
100 ## - Datos de procesamiento general
Datos de procesamiento general 19930801d1989 m y1spay5003 ba
101 ## - Idioma del recurso
Idioma del texto, banda sonora, etc. Español; Castellano
105 ## - Campo de datos codificados: Material textual, monográfico
Datos codificados de monografía a 001zy
200 1# - Título y mención de responsabilidad
Título propio Civilización en el norte de México
Designación general del material texto impreso
Otra información del título arqueología de la cañada del río Bolaños (Zacatecas y Jalisco)
Primer mención de responsabilidad Ma. Teresa Cabrero G
205 ## - Declaración de edición
Declaración de edición 1a ed
210 ## - Publicación, distribución, etc.
Lugar de publicación, distribución, etc. México
Nombre del editor, distribuidor, etc. Universidad Nacional Autónoma de México, Instituto de Investigaciones Antropológicas
Fecha de publicación, distribución, etc. 1989
215 ## - Descripción física
Designación de material específico y extensión del ítem 360 p
Otras características físicas il.
Dimensiones 22 cm
300 ## - Notas generales
Texto de la nota Incluye bibliografía
345 ## - Nota de información de adquisición
Fuente de adquisición/dirección de la suscripción [OBSOLETO] Donación
410 #1 - Series
Título Arqueología
Nombre de parte o sección Serie Antropológica
Número de volumen 103
606 ## - Término temático usado como materia
Elemento de entrada Excavaciones (Arqueología)
Subdivisión geográfica México
Número Koha 126
607 ## - Nombre geográfico utilizado como tema
Elemento de entrada México
Subdivisión temática Historia
Subdivisión cronológica Hasta 1519
Número Koha 127
660 ## - Código de área geográfica
Código MX
700 ## - Nombre personal - Responsabilidad primaria
Elemento de entrada Cabrero García
Parte del nombre distinta del elemento de entrada María Teresa
Número Koha 128
801 #0 - Fuente de origen
Agencia cm
942 ## - ELEMENTOS DE ENTRADA SECUNDARIOS (KOHA)
Tipo de ítem Koha Livre
Exemplaires
Estatus retirado Estado de daño Estado de pérdida Fecha de adquisición Biblioteca de origen Biblioteca actual Ubicación en estantería Código de barras Precio de reemplazo Signatura topográfica completa No para préstamo Tipo de ítem Koha Nota pública Nota no pública
      05/08/2025 Casa México Paris Casa México Paris   003406 05/08/2025 913.72 C117C   Livre 20191010LIV 751145101